Responses for show #5224 - Thursday, May 3, 2007

2007 College Championship quarterfinal game 4.
From the University of Southern California.

Contestants

Kaitlin Welborn, a sophomore from the University of Pennsylvania

Will Schultz, a freshman from the University of North Carolina, Chapel Hill

Sarah Nothnagel, a sophomore from the University of Southern California

Jeopardy! Round responses

POTPOURRI
READ YOUR BIBLE
WHERE IS IT?
AN UMBRELLA CATEGORY
TV IS SO DRAMATIC
COLLEGIATE LEXICON
    $200 1
poetry

Kaitlin
    $200 6
(Alex: Pick a popular bird of prey like the [*] and you'd be right.)

eagle

Triple Stumper
    $200 16
Russia

Will
    $200 26
Hagrid

Sarah
    $200 11
Grey's Anatomy

Will
    $200 21
transcript

Sarah
    $400 2
seeds

Will
    $400 7
Pilate

Sarah
    $1,200 17
Middle-earth

Will
    $400 27
Carrie Nation

Will
    $400 12
Desperate Housewives

Kaitlin
    $400 22
audit

Kaitlin
    $600 3
(Alex: Yes, complementary.)

green

Sarah
    $600 8
Babylon

Will
    $600 18
(Sarah: What is Thailand?)

Cambodia

SarahWill
    $600 28
Mary Poppins

Will
    $600 13
Heroes

Will
    $600 23
quad

Will
    $800 4
slug

Will
    $800 9
cherubim

Triple Stumper
    $800 19
kidney

Sarah
    $800 29
a parasol

Sarah
    $800 14
House

Sarah
    $800 24
student loan

Sarah
    $1000 5
to be drummed out

Sarah
    $1000 10
Leviathan

Will
    $1000 20
Asgard

Will
    $1000 30
Robinson Crusoe

Will
    $1000 15
Criminal Minds

Triple Stumper
    $1000 25
orientation

Will

Scores at the first commercial break (after clue 15):

Sarah Will Kaitlin
$2,800 $3,600 $600

Scores at the end of the Jeopardy! Round:

Sarah Will Kaitlin
$5,000 $10,200 $1,000

Double Jeopardy! Round responses

QUEEN VICTORIA'S MYSPACE PAGE
POETS & POETRY
LANDMARKS
PACK TENTH
THE 21st CENTURY ROCKS
DICT. ABBREV.
    $400 1
widow

Kaitlin
    $400 6
Robert Burns

Sarah
    $400 7
Yellowstone

Will
    $400 12
"The Twelve Days of Christmas"

Sarah
    $400 15
The Dixie Chicks

Will
    $400 20
(Kaitlin: What is a present participle?)

past participle

SarahKaitlin
    $800 2
Germany

Will
    $800 14
Robert Frost

Sarah
    $800 8
Spain

Sarah
    $800 13
the first-born sons

Will
    $800 16
The Fray

Sarah
    $800 21
nominative

Sarah
    $1200 3
her coronation

Kaitlin
    $1200 28
Keats

Sarah
    $1200 9
Easter Island

Sarah
    $1200 25
Tyler

Will
    $1200 17
Fall Out Boy

Sarah
    $1200 22
(Will: What is lingua franca?)

Louisiana French

Will
Triple Stumper
    $1600 4
(Benjamin) Disraeli

Will
    $4,800 29
(Sarah: What is solitude?)

"The Village Blacksmith"

Sarah
    $1600 10
Prometheus

Will
    $4,200 26
(Will: What is October?)

December

Will
    $1600 18
Nickelback

Sarah
    $1600 23
Indo-European

Sarah
    $2000 5
"Rule, Britannia!"

Will
    $2000 30
Langston Hughes

Sarah
    $2000 11
the Arizona

Sarah
    $2000 27
Sappho

Kaitlin
    $2000 19
Rihanna

Sarah
    $2000 24
(Will: What is conjugation?)
(Alex: 2 words...)
(Will: Ohhhh...)
(Alex: Sorry, time ran out...)
[Laughter]
(Alex: Oh, indeed.)

conjunction & conjugation

Will
Triple Stumper

Scores at the end of the Double Jeopardy! Round:

Sarah Will Kaitlin
$17,400 $11,600 $4,200

Final Jeopardy! Round responses

PRESIDENTIAL SUCCESSION
(Alex: Everyone in the audience knows that first it's the vice president, then the Speaker of the House, then the President Pro Tem of the Senate, Robert Byrd, but who comes after him?)
KaitlinWho is Condi Rice?
$4,200
WillWho is Rice
$3,400
SarahWho is Nancy Pelosi?
$5,801
Condoleezza Rice

Final scores:

Sarah Will Kaitlin
$11,599 $15,000 $8,400
2nd place: $5,000 if eliminated Automatic semifinalist 3rd place: $5,000 if eliminated

Game dynamics:

Coryat scores:

Sarah Will Kaitlin
$22,200 $15,000 $4,200
24 R,
2 W
(including 1 DD)
23 R
(including 1 DD),
3 W
(including 1 DD)
6 R,
1 W

Combined Coryat: $41,400

The J! Archive is created by fans, for fans. The Jeopardy! game show and all elements thereof, including but not limited to copyright and trademark thereto, are the property of Jeopardy Productions, Inc. and are protected under law. This website is not affiliated with, sponsored by, or operated by Jeopardy Productions, Inc. Join the discussion at JBoard.tv.